Responses for show #814 - Thursday, March 3, 1988

Contestants

[<< previous game]

Janis Fanhert, an airline reservation sales representative originally from Sebring, Ohio

Mike Perez, a stockbroker from Albuquerque, New Mexico

Sandy Taylor, a marketing representative from Oakland, California (whose 1-day cash winnings total $9,400)

Jeopardy! Round responses

TOYS & GAMES
FLOWERS
COLORFUL SONGS
PHYSICS
FRENCH COOKING
TRIVIAL TOURISM
    $100 20
the daisy

Sandy
    $100 12
"Blue Velvet"

Mike
    $100 14
a tuning fork

Sandy
    $100 1
to baste

Sandy
    $100 3
Edgar Allan Poe

Mike
    $200 27
"As Time Goes By"

Mike
    $200 21
sweet

Janis
    $200 13
"Tie A Yellow Ribbon Round The Ole Oak Tree"

Sandy
    $200 15
torque

Mike
    $200 2
Burgandy (red wine)

Janis
    $200 4
garbage

Janis
    $300 8
tiger (goat)

Sandy
    $300 23
hummingbirds

Sandy
    $500 17
"Green Tambourine"

Janis
    $300 16
an echo

Janis
    $300 9
lamb

Sandy
    $300 5
salt

Janis
    $400 22
(Janis: What is clay?)

Play-Doh

SandyJanis
    $400 24
(Alex: We've got less than a minute to go.)

water (moisture)

Triple Stumper
    $400 18
"Black And White"

Janis
    $400 26
electric current (amperes)

Triple Stumper
    $400 10
cream cheese

Sandy
    $400 6
Trigger

Mike
    $500 28
Godzilla

Triple Stumper
    $500 25
(Sandy: What is iris?)

cactus

Sandy
Triple Stumper
    $500 19
(Alex: [Singing] "When the deep [*]".)

purple

Triple Stumper
    $500 29
(Sandy: What's an accelerometer?)
...
[The end-of-round signal sounds.]

a linear accelerator

Sandy
Triple Stumper
    $500 11
mousse

Janis
    $500 7
the Blarney Stone

Mike

Scores at the first commercial break (after clue 14):

Sandy Mike Janis
$1,400 $1,100 $1,200

Scores at the end of the Jeopardy! Round:

Sandy Mike Janis
$1,200 $1,500 $2,200

Double Jeopardy! Round responses

MASSACHUSETTS
LITERARY ANIMALS
STARTS WITH "E"
CANADIAN ACTORS
THE MILITARY
MORE PROVERBS OF DEATH
    $200 16
the Mayflower

Sandy
    $200 6
Harvey

Sandy
    $200 5
escargot

Sandy
    $200 11
Lorne Greene

Mike
    $200 25
submarines

Sandy
    $200 26
one man's meat

Sandy
    $400 17
(Mike: What are pumpkins?)

cranberries

SandyMike
    $400 7
wood

Triple Stumper
    $400 4
(Mike: What is [*] or?)
(Alex: We didn't need the "or" in it.)
[Laughter]

either

Mike
    $400 14
Fay Wray

Janis
    $400 24
(Alex: We've got less than a minute to go, Mike.)

the Philippines

Triple Stumper
    $400 27
lives

Janis
    $600 18
Cape Cod

Sandy
    $600 8
the Dormouse

Sandy
    $600 3
enunciation

Mike
    $600 13
Glenn Ford

Janis
    $600 23
a seaman

Mike
    $600 28
war

Sandy
    $800 19
the Boston Terrier

Sandy
    $800 9
a hat

Janis
    $500 2
Edinburgh

Sandy
    $800 12
Alexis Smith

Janis
    $800 22
distant early warning

Triple Stumper
    $800 29
the grave

Triple Stumper
    $1000 20
Coolidge

Mike
    $1000 10
(Mike: What are cockroaches?)
(Alex: [After pausing] Sorry, that's incomplete.)

cockroach & a cat

Mike
Triple Stumper
    $1000 1
Elaine

Triple Stumper
    $1000 15
Norma Shearer

Triple Stumper
    $2,300 21
(1 of) Parris Island (San Diego)

Mike
    $1000 30
(Alex: Who is the boatman on the River Styx, [*]?)

Charon

Triple Stumper

Scores at the end of the Double Jeopardy! Round:

Sandy Mike Janis
$5,700 $5,200 $5,200

[wagering suggestions for these scores]

Final Jeopardy! Round responses

WORD ORIGINS
(Alex: No, it was really given to you almost completely in the clue, "joint dominion", [*] is the word.)
JanisWhat is joint tenancy?
$5,200
MikeWhat is a trust?
$5,200
SandyWhat is joint tenancy
$5,000
condominium

Final scores:

Sandy Mike Janis
$700 $0 $0
2-day champion: $10,100 3rd place: Whirlpool washer & dryer + Jeopardy! box game 2nd place: a trip on Eastern to Florida & stay at Sheraton Bal Harbour + Jeopardy! box game

Game dynamics:

Coryat scores:

Sandy Mike Janis
$6,000 $3,900 $5,000
20 R
(including 1 DD),
2 W
12 R
(including 1 DD),
2 W
13 R
(including 1 DD),
1 W

Combined Coryat: $14,900

The J! Archive is created by fans, for fans. The Jeopardy! game show and all elements thereof, including but not limited to copyright and trademark thereto, are the property of Jeopardy Productions, Inc. and are protected under law. This website is not affiliated with, sponsored by, or operated by Jeopardy Productions, Inc. Join the discussion at JBoard.tv.